Regiones de Francia - ¡Muerte súbita! - Estadísticas

Estadísticas generales
  • Esta prueba ha sido intentada 39 veces
  • La puntuación promedio es 8 de 13
Answers on the Grid
Answers color-coded by a green-red scale on the quiz's grid according to % correct below.
Alsacia
Altos de Francia
Auvernia-Ródano-Alpes
Borgoña-Franco Condado
Bretaña
Calais
Centro-Valle de Loira
Clermont-Ferrand
Córcega
Francia Meridional
Gran Este
Isla de Francia
Normandía
Nueva Aquitania
Occitania
Países de la Loira
Pirineos Franceses
Provenza-Alpes-Costa Azul
Saboya
Saint Malo
Valonia
 
Estadísticas de respuestas
Respuesta % Correcto
Bretaña
80%
Córcega
77%
Normandía
77%
Borgoña-Franco Condado
67%
Isla de Francia
63%
Países de la Loira
63%
Provenza-Alpes-Costa Azul
63%
Centro-Valle de Loira
60%
Occitania
57%
Altos de Francia
53%
Nueva Aquitania
53%
Auvernia-Ródano-Alpes
50%
Gran Este
50%
No se encontraron pruebas coincidentes
Distribución de puntuación
Porcentaje de gente con cada puntuación
Porcentaje por número respondido
Historial de tus puntuaciones
No has intentado esta prueba.